GSM system engineering / (Record no. 592859)
[ view plain ]
| 000 -LEADER | |
|---|---|
| fixed length control field | 01088cam a2200241 a 4500 |
| 001 - CONTROL NUMBER | |
| control field | 2123273 |
| 003 - CONTROL NUMBER IDENTIFIER | |
| control field | NUST |
| 005 - DATE AND TIME OF LATEST TRANSACTION | |
| control field | 20221230144406.0 |
| 008 - FIXED-LENGTH DATA ELEMENTS--GENERAL INFORMATION | |
| fixed length control field | 970109s1997 maua b 001 0 eng |
| 010 ## - LIBRARY OF CONGRESS CONTROL NUMBER | |
| LC control number | 97004029 |
| 020 ## - INTERNATIONAL STANDARD BOOK NUMBER | |
| International Standard Book Number | 0890068607 |
| 040 ## - CATALOGING SOURCE | |
| Original cataloging agency | DLC |
| Transcribing agency | DLC |
| Modifying agency | DLC |
| 050 00 - LIBRARY OF CONGRESS CALL NUMBER | |
| Classification number | TK5103.483 |
| Item number | .M45 1997 |
| 082 00 - DEWEY DECIMAL CLASSIFICATION NUMBER | |
| Classification number | 621.38456,MEH |
| Edition number | 21 |
| 100 1# - MAIN ENTRY--PERSONAL NAME | |
| Personal name | Mehrotra, Asha. |
| 245 10 - TITLE STATEMENT | |
| Title | GSM system engineering / |
| Statement of responsibility, etc. | Asha Mehrotra. |
| 260 ## - PUBLICATION, DISTRIBUTION, ETC. | |
| Place of publication, distribution, etc. | Boston : |
| Name of publisher, distributor, etc. | Artech House, |
| Date of publication, distribution, etc. | c1997. |
| 300 ## - PHYSICAL DESCRIPTION | |
| Extent | xvii, 450 p. : |
| Other physical details | ill ; |
| Dimensions | 24 cm. |
| 440 #4 - SERIES STATEMENT/ADDED ENTRY--TITLE | |
| Title | The Artech House mobile communications series |
| 9 (RLIN) | 106494 |
| 505 ## - FORMATTED CONTENTS NOTE | |
| Formatted contents note | Introduction to GSM System (page-1), GSM Architecture (Page-25), Time and Frequency Axis Representation (Page-67), Mobility Management (Page-107), Security Management (Page-151), Technical Details (Page-169), sub Scribe management AND net Works maintenance (Page-247), Detail of MS, BSS, MSC, and NMC (Page-3070, Micro cellular Systems (Page-343), Future of PCS Systems (Page-373). |
| 650 #0 - SUBJECT ADDED ENTRY--TOPICAL TERM | |
| Topical term or geographic name entry element | Global system for mobile communications. |
| 9 (RLIN) | 55579 |
| 942 ## - ADDED ENTRY ELEMENTS (KOHA) | |
| Source of classification or shelving scheme | |
| Koha item type | Book |
| Call number prefix | 621.38456,MEH |
| Withdrawn status | Lost status | Source of classification or shelving scheme | Damaged status | Not for loan | Permanent Location | Current Location | Shelving location | Date acquired | Total Checkouts | Full call number | Barcode | Date last seen | Price effective from | Koha item type | Public note |
|---|---|---|---|---|---|---|---|---|---|---|---|---|---|---|---|
| Military College of Signals (MCS) | Military College of Signals (MCS) | General Stacks | 12/30/2022 | 621.38456,MEH | MCS26798 | 12/30/2022 | 12/30/2022 | Book | Almirah No.39, Shelf No.2 |
